| 000 | 00924cam a2200289 u 4500 | ||
|---|---|---|---|
| 003 | UPN | ||
| 005 | 20221021144543.0 | ||
| 008 | 190828s2007 xxu fr 001 0 eng d | ||
| 020 | _a9780521142359 | ||
| 035 | _aUPN01000232509 | ||
| 040 |
_aMX-MxUPN _bspa _cMX-MxUPN |
||
| 041 | _aeng | ||
| 049 | _aCG | ||
| 050 | 4 |
_aF1231 _bM37 2007 |
|
| 100 | 1 |
_aMarichal Salinas, Carlos _936097 |
|
| 245 | 1 | 0 |
_aBankruptcy of Empire : _bmexican silver and the wars between Spain, Britain and France, 1760-1810 |
| 260 |
_aNew York : _bCambridge University Press, _c2007. |
||
| 300 | _a318 páginas | ||
| 490 | 0 |
_aCambridge latin american studies ; _v91 |
|
| 500 | _aTexto en inglés. | ||
| 651 | 7 |
_aNueva España _xCondiciones económicas _ySiglo XVIII _927779 |
|
| 651 | 0 |
_aEspaña _xHistoria militar _ySiglo XVIII _927780 |
|
| 902 | _bVíctorGodínez/211022/M | ||
| 905 | _aLibro | ||
| 942 |
_2lcc _cLIBRO |
||
| 999 |
_c204604 _d204604 |
||